Nekalá likvidácia spoločnosti

Obchodný zákonník po 1. januári 2018. Zlučovanie, splynutie a rozdelenie spoločnosti po novom. Nepoctivé fúzie obchodných spoločností.

Guardado en:
Detalles Bibliográficos
Autor principal: Kmeťová, Oľga, 1959-
Formato: Capítulo de libro
Lenguaje:eslovaco
Materias:
Etiquetas: Agregar Etiqueta
Sin Etiquetas, Sea el primero en etiquetar este registro!

MARC

LEADER 00000naa a2200000 4500
001 0238492
005 20240502073847.7
041 0 |a slo 
044 |a SK 
245 1 0 |a Nekalá likvidácia spoločnosti  |c Oľga Kmeťová 
520 |a Obchodný zákonník po 1. januári 2018. Zlučovanie, splynutie a rozdelenie spoločnosti po novom. Nepoctivé fúzie obchodných spoločností. 
610 2 0 |a likvidácia podniku 
610 2 0 |a činnosť nelegálna 
610 2 0 |a prostredie podnikateľské 
610 2 0 |a zákonník obchodný 
610 2 0 |a transformácia podniku 
100 1 |a Kmeťová, Oľga, 1959-